00931nam a22002657a 450000500170000001000150001702000260003203500130005803700130007108200110008410000190009524501320011425000110024626000440025727000460030130000250034750000190037265000340039165000220042565000210044770000190046894200250048799900170051295201360052920140827113543.0 aENG-110659 a9789339213084c575.00 aEN-94191 bDBAD/PUB a658.15 aRogers, Steven aEnterpreneurial finance :cby Steven Rogers [and] Roza Makonnenbfinance and business strategies for the serious entrepreneur / a3rd ed aNew DelhibMcGraw Hill Education c2014 aP-24, Green Park Extn.bNew Delhie110016 axix,323p.c23cm(pbk) aIncludes index aBusiness enterprisesxFinance aBusiness planning aEntrepreneurship aMakonnen, Roza 2ddccENmROGh658.15 c86508d86508 001040718NFICaDBADbDBADd2014-08-14eDBAD/PUBg575.00l0o658.15 ROGpEN-94191r2014-08-14 00:00:00t1v575.00w2014-08-14yEN